00504 2200205 4500001002100000008004100021035002000062082000800082084001400090100002500104245005700129250000600186260003300192300001100225650001400236990001200250990001200262990001200274990001200286INLIS000000000000523 ind  a0010-0424000499 a332 a332 KRI m aKaryawati, Kristiana aMengelola Administrasi KeuangancKristiana Karyawati a1 aKlaten :bIntan Sejatic2010 a68 hlm aNon Fiksi a0722120 a0722121 a0722122 a0722123